Triumfatorzy Wimbledonu - nagła śmierć - Statystyki

Ogólne statystyki
  • Ten quiz został rozwiązany 53 razy
  • Średni wynik to 7 z 23
Answers on the Grid
Answers color-coded by a green-red scale on the quiz's grid according to % correct below.
Carlos Alcaraz
Novak Djokovic
Roger Federer
Rafael Nadal
Andy Murray
Lleyton Hewitt
Goran Ivanisevic
Pete Sampras
Richard Krajicek
Andre Agassi
Michael Stich
Stefan Edberg
Boris Becker
Pat Cash
John McEnroe
Jimmy Connors
Bjorn Borg
Artur Ashe
Jan Kodes
Stan Smith
John Newcombe
Rod Laver
Marin Cilic
Stan Wawrinka
Andy Roddick
Marat Safin
Nick Kyrgios
Patrick Rafter
Jim Courier
Ivan Lendl
Ilie Nastase
Ken Rosewall
David Nalbandian
Juan Martin del Potro
Dominic Thiem
Juan Carlos Ferrero
Mats Wilander
Wojciech Fibak
Jerzy Janowicz
Gustavo Kuerten
Guillermo Vilas
Jo-Wilfried Tsonga
Jewgienij Kafielnikow
Michael Chang
Jannik Sinner
Grigor Dimitrow
 
Statystyki odpowiedzi
Odpowiedź % Poprawnych
Rafael Nadal
72%
Roger Federer
69%
Carlos Alcaraz
66%
Novak Djokovic
66%
Andy Murray
55%
Jannik Sinner
48%
Andre Agassi
38%
Bjorn Borg
38%
Boris Becker
38%
Pete Sampras
31%
John McEnroe
28%
Rod Laver
24%
Goran Ivanisevic
21%
Lleyton Hewitt
17%
Stefan Edberg
14%
Jimmy Connors
10%
Michael Stich
10%
Artur Ashe
7%
Pat Cash
7%
Richard Krajicek
7%
Stan Smith
7%
Jan Kodes
3%
John Newcombe
3%
Nie znaleziono quizów pasujących do podanych kryteriów
Rozkład punktacji
Procent ludzi z każdym wynikiem
Percentyl według liczby udzielonych odpowiedzi
Twoja historia wyników
Nie rozwiązałeś tego quizu